000
00281nam a2200121Ia 4500
008
190216s9999||||xx |||||||||||||| ||und||
100
_a
James Reeves
245
0
_a
Understing Poetry
260
_b
Pan Books London
_c
1965
300
_a
207p
650
_a
English Poetry
942
_c
BK
999
_c
12226
_d
12226